000 00516nam a2200169 4500
001 111941
003 ES-MaACL
005 20251005063106.0
007 t|
008 061121s1914 xxk r ||||1| eng d
100 0 _aJuan Enrique Newman,
_cBeato,
_d1801-1890
_9162508
245 1 0 _aApologia pro vita sua /
_cJohn Henry Newman.
260 _aLondon :
_b[s. n.],
_c1914 (
_eLetchworth :
_fThe Temple Press)
300 _aXI, 326 p. ;
_c18 x 11 cm.
852 _aES-MaACL
_jG-14685
999 _c111941
_d111941